000 00796nam a2200229Ia 4500
003 GCL
008 140319s9999 xx 000 0 ara d
040 _aGCL /
_cGCL
082 0 4 _a306
_bا ن
100 1 _aوفاء ابراهيم
245 1 0 _aالنقد الثقافى :
_bتمهيد مبدئى للمفاهيم الرئيسية /
_cوفاء ابراهيم
700 1 _aايزابرجر، ارثر
260 _aالقاهرة :
_bالمجلس الاعلى للثقافة ،
_c2003
300 _a234 ص ؛
_c24 سم
490 _aالمشروع القومى للترجمة
_v603
650 0 4 _aالثقافة
650 0 4 _aوسائل الاعلام
650 0 4 _aالتثقيف الذاتى
650 0 4 _aالاغتراب
650 0 4 _aما بعد الحداثة
942 _2ddc
_cBK
999 _c56865
_d56865